000 00722nam a2200241Ia 4500
999 _c1854
_d1854
007 ta
008 190719t2006 xxka|||g||||||||| ||und||
020 _a9789280142310
_c£ 40.00
040 _aKO
_beng
041 0 _aeng
044 _axxk
082 0 4 _a623.88245
_bIn858
_223
110 _aInternational Maritime Organization
245 0 _aSpecialized Training for Chemical Tankers /
_cInternational Maritime Organization
250 _a2006 ed.
260 _aLondon :
_bInternational Maritime Organization ,
_c2006.
300 _av, 314 p. :
_bill. ;
_c30 cm.
490 _aModel Course ;
_v1.04
650 _aChemical carriers (Tankers)
_xStudy and teaching
904 _aA_BOSE
942 _2ddc
_cBK